<?xml version="1.0" encoding="UTF-8"?>
<collection xmlns="http://www.loc.gov/MARC21/slim">
 <record>
  <leader>01059nam a22001931  4500</leader>
  <controlfield tag="001">1/17602</controlfield>
  <controlfield tag="008">010713s19571988gre                 gr   </controlfield>
  <datafield tag="035" ind1=" " ind2=" ">
   <subfield code="l">18127</subfield>
  </datafield>
  <datafield tag="040" ind1=" " ind2=" ">
   <subfield code="a">GR-PeUP</subfield>
  </datafield>
  <datafield tag="082" ind1="0" ind2="0">
   <subfield code="a">080 AΛ</subfield>
  </datafield>
  <datafield tag="100" ind1="1" ind2=" ">
   <subfield code="a">Παπαναστασίου, Αλέξανδρος.</subfield>
  </datafield>
  <datafield tag="245" ind1="1" ind2="0">
   <subfield code="a">Αλέξανδρος Παπαναστασίου:</subfield>
   <subfield code="b">Μελέτες-Λόγοι-Αρθρα /</subfield>
   <subfield code="c">προλ. Κωνσταντίνου Τριανταφυλλοπουλου, επιμ Ξ. Λευκοπαρίδη</subfield>
  </datafield>
  <datafield tag="260" ind1=" " ind2=" ">
   <subfield code="a">[Αθήνα]:</subfield>
   <subfield code="b">Μορφωτικό Ινστιτούτο Αγροτικής Τράπεζας,</subfield>
   <subfield code="c">1957 1988</subfield>
  </datafield>
  <datafield tag="300" ind1=" " ind2=" ">
   <subfield code="a">2 τ. :</subfield>
   <subfield code="b">φωτ.:</subfield>
   <subfield code="c">24εκ.</subfield>
  </datafield>
  <datafield tag="651" ind1=" " ind2="0">
   <subfield code="a">Ελλάδα</subfield>
   <subfield code="x">Ιστορία.</subfield>
  </datafield>
  <datafield tag="700" ind1="1" ind2=" ">
   <subfield code="a">Τριανταφυλλόπουλος, Κωνσταντίνος,</subfield>
   <subfield code="e">προλ.</subfield>
  </datafield>
  <datafield tag="700" ind1="1" ind2=" ">
   <subfield code="a">Λευκοπαρίδης, Ξενοφών,</subfield>
   <subfield code="d">1896-</subfield>
   <subfield code="e">επιμ.</subfield>
  </datafield>
  <datafield tag="852" ind1=" " ind2=" ">
   <subfield code="a">INST</subfield>
   <subfield code="b">UNIPILB</subfield>
   <subfield code="c">MAIN</subfield>
   <subfield code="e">20040709</subfield>
   <subfield code="h">080 AΛ</subfield>
   <subfield code="p">00119804</subfield>
   <subfield code="q">00119804</subfield>
   <subfield code="t">LOAN</subfield>
   <subfield code="v">v.1:</subfield>
   <subfield code="y">0</subfield>
   <subfield code="z">v.1</subfield>
   <subfield code="4">1</subfield>
  </datafield>
  <datafield tag="852" ind1=" " ind2=" ">
   <subfield code="a">INST</subfield>
   <subfield code="b">UNIPILB</subfield>
   <subfield code="c">MAIN</subfield>
   <subfield code="e">20040709</subfield>
   <subfield code="h">080 AΛ</subfield>
   <subfield code="p">00119805</subfield>
   <subfield code="q">00119805</subfield>
   <subfield code="t">LOAN</subfield>
   <subfield code="v">v.2:</subfield>
   <subfield code="y">0</subfield>
   <subfield code="z">v.2</subfield>
   <subfield code="4">1</subfield>
  </datafield>
 </record>
</collection>
